000
00303nam a22001337a 4500
008
170405b xxu||||| |||| 00| 0 eng d
020
_a
9780321823274
041
_a
eng
080
_2
6TH
_a
574
100
_a
9
101
_a
SHM
245
_a
FOUNDATIONS OF EARTH SCIENCE
_c
LUTGENS
942
_2
udc
_c
BK
999
_c
9821
_d
9821